| 000 | 00862nas a2200265 4500 | ||
|---|---|---|---|
| 001 | BR0603297 | ||
| 003 | BR-BrBNA | ||
| 005 | 20231205110200.0 | ||
| 007 | ta | ||
| 008 | 230509b bl.|||p| |||| 00| 00por d | ||
| 040 |
_aBR-BrBNA _bpor _cBiblioteca Nacional de Agricultura |
||
| 041 | _a(Es) | ||
| 072 | _aF60 | ||
| 100 | 1 | _aParra-Coronado, A. | |
| 100 | 1 | _aHernández, J.E.H. | |
| 100 | 1 | _aCamacho-Tamayo, J.H. | |
| 245 | 1 | _aEstudio de algunas propriedades físicas y fisiológicas precosecha de la pera variedad Triunfo de Viena | |
| 650 | _aPERA | ||
| 650 | _aPROPRIEDADE FÍSICO-QUÍMICA | ||
| 650 | _aFISIOLOGIA VEGETAL | ||
| 650 | _aCONDIÇÃO CLIMÁTICA | ||
| 773 | 0 |
_tRevista Brasileira de Fruticultura (Brazil) _xISSN 0100-2945 _g(Apr 2006), v. 28(1) p. 55-59 _wBR0603297 |
|
| 909 |
_a202311 _bLúcia _c55 _dLúcia Elande |
||
| 942 |
_2AGRIS _n0 _cANA |
||
| 999 |
_c186444 _d186444 |
||